Sarkadi Imre pályaképe 1947. és 1955. között
Elmentve itt :
| Szerző: | |
|---|---|
| További közreműködők: | |
| Dokumentumtípus: | Szakdolgozat |
| Megjelent: |
1966
|
| Tárgyszavak: | |
| Online Access: | http://diploma.bibl.u-szeged.hu/91514 |
| LEADER | 00579nta a2200169 i 4500 | ||
|---|---|---|---|
| 001 | dipl91514 | ||
| 005 | 20200630064110.0 | ||
| 008 | 200625s1966 hu om 0|| zxx d | ||
| 040 | |a SZTE Diploma Repozitórium |b hun | ||
| 041 | |a zxx | ||
| 100 | 1 | |a Szabó Imre | |
| 245 | 1 | 0 | |a Sarkadi Imre pályaképe 1947. és 1955. között |h [elektronikus dokumentum] / |c Imre Szabó |
| 260 | |c 1966 | ||
| 650 | 4 | |a Bölcsészettudományok | |
| 650 | 4 | |a Languages and Literature | |
| 700 | 1 | |a nincs megadva |e ths | |
| 856 | 4 | 0 | |u http://diploma.bibl.u-szeged.hu/id/eprint/91514/1/1966_szabo_imre.pdf |z Dokumentum-elérés |